000
00280nam a2200109 a 4500
005
20140414131955.0
008
110207s19uu xx 00 eng d
050
_a
TR 372.7
_b
G95 2004
100
_a
Gupta, Raj Kumari
245
_a
Mathematics for special children.
999
_c
112894
_d
112894